Countries by Japanese Name Quiz Stats

 Plays Quiz Updated Jun 21, 2018

Challenge
Share
Tweet
Embed
Score 0/36 Timer 07:00
2 Plays Today
katakana (romaji) English % Correct
カナダ (kanada)Canada
92.1%
エチオピア (echiopia)Ethiopia
89.3%
インド (indo)India
89.1%
スイス (suisu)Switzerland
76.9%
エリトリア (eritoria)Eritrea
76.3%
フィリピン (firipin)Philippines
75.9%
シリア (shiria)Syria
74.7%
チェコ (cheko)Czechia
73.8%
フランス (furansu)France
72%
ベラルーシ (beraruushi)Belarus
70.7%
チリ (chiri)Chile
70.7%
メキシコ (mekishiko)Mexico
69.7%
スペイン (supein)Spain
68.6%
ボリビア (boribia)Bolivia
67.7%
ヨルダン (yorudan)Jordan
67.6%
リビア (ribia)Libya
67.3%
ベリーズ (beriizu)Belize
65.2%
ジンバブエ (jinbabue)Zimbabwe
63.3%
katakana (romaji) English % Correct
バーレーン (baareen)Bahrain
59%
アイスランド (aisurando)Iceland
56.3%
カタール (kataaru)Qatar
54.7%
ジブチ (jibuchi)Djibouti
50.7%
ドイツ (doitsu)Germany
44.8%
ギリシャ (girisha)Greece
44.3%
リヒテンシュタイン (rihitenshutain)Liechtenstein
43.5%
マレーシア (mareeshia)Malaysia
40.2%
モーリシャス (moorishasu)Mauritius
38.1%
マルタ (maruta)Malta
36.8%
ルクセンブルク (rukusenburuku)Luxembourg
35.9%
イギリス (igirisu)United Kingdom
35.9%
アルゼンチン (aruzenchin)Argentina
35.6%
キプロス (kipurosu)Cyprus
35.2%
ブラジル (burajiru)Brazil
33.3%
オランダ (oranda)Netherlands
31.9%
キルギス (kirugisu)Kyrgyzstan
31.5%
バチカン (bachikan)Vatican City
22%

You're not logged in!

Compare scores with friends on all Sporcle quizzes.
Join for Free
OR
Log In

You Might Also Like...

Show Comments

Extras

Top Quizzes Today


Score Distribution

Your Account Isn't Verified!

In order to create a playlist on Sporcle, you need to verify the email address you used during registration. Go to your Sporcle Settings to finish the process.

Report this User

Report this user for behavior that violates our Community Guidelines.

Details: